MARC details
| 000 -CABECERA |
| campo de control de longitud fija |
02425pam a22004691i 4500 |
| 001 - NÚMERO DE CONTROL |
| campo de control |
991014729089707026 |
| 003 - IDENTIFICADOR DEL NÚMERO DE CONTROL |
| campo de control |
UkOxU |
| 005 - FECHA Y HORA DE LA ÚLTIMA TRANSACCIÓN |
| campo de control |
20250904161645.0 |
| 006 - CÓDIGOS DE INFORMACIÓN DE LONGITUD FIJA--CARACTERÍSTICAS DEL MATERIAL ADICIONAL |
| campo de control de longitud fija |
m || d | |
| 007 - CAMPO FIJO DE DESCRIPCIÓN FÍSICA--INFORMACIÓN GENERAL |
| campo de control de longitud fija |
cr ||||||||||| |
| 008 - DATOS DE LONGITUD FIJA--INFORMACIÓN GENERAL |
| campo de control de longitud fija |
210709t20212021enka ob 001|0|eng|d |
| 015 ## - NÚMERO DE BIBLIOGRAFÍA NACIONAL |
| Número de bibliografía nacional |
GBC1B2815 |
| Fuente |
bnb |
| 020 ## - NÚMERO INTERNACIONAL ESTÁNDAR DEL LIBRO |
| Número Internacional Estándar del Libro |
9781292215211 |
| Información calificativa |
(print version) |
| 020 ## - NÚMERO INTERNACIONAL ESTÁNDAR DEL LIBRO |
| Número Internacional Estándar del Libro |
9781292363042 |
| 035 ## - NÚMERO DE CONTROL DEL SISTEMA |
| Número de control de sistema |
022628718-44oxf_inst |
| 035 ## - NÚMERO DE CONTROL DEL SISTEMA |
| Número de control de sistema |
(UkOxU)022628718 |
| 035 ## - NÚMERO DE CONTROL DEL SISTEMA |
| Número de control de sistema |
(Uk)020259951 |
| 037 ## - FUENTE DE ADQUISICIÓN |
| Número de adquisición |
9781292363042 |
| Fuente del número de adquisición |
Pearson UK |
| 040 ## - FUENTE DE LA CATALOGACIÓN |
| Centro catalogador/agencia de origen |
StDuBDS |
| Lengua de catalogación |
eng |
| Normas de descripción |
rda |
| -- |
pn |
| Centro/agencia transcriptor |
StDuBDS |
| Centro/agencia modificador |
Uk |
| 041 ## - CÓDIGO DE LENGUA |
| Código de lengua del texto/banda sonora o título independiente |
English |
| 042 ## - CÃDIGO DE AUTENTICACIÃN |
| Código de autenticación |
ukblsr |
| 100 ## - ENTRADA PRINCIPAL--NOMBRE DE PERSONA |
| Nombre de persona |
Moffett, Michael H. |
| Término indicativo de función/relación |
author. |
| 9 (RLIN) |
23870 |
| 245 10 - MENCIÓN DE TÍTULO |
| Título |
Fundamentals of multinational finance |
| Mención de responsabilidad, etc. |
/ Michael H. Moffett, Arthur I. Stonehill, David K. Eiteman. |
| 250 ## - MENCIÓN DE EDICIÓN |
| Mención de edición |
Sixth edition. |
| 250 ## - MENCIÓN DE EDICIÓN |
| Mención de edición |
Global edition. |
| 264 #1 - PRODUCCIÓN, PUBLICACIÓN, DISTRIBUCIÓN, FABRICACIÓN Y COPYRIGHT |
| Producción, publicación, distribución, fabricación y copyright |
Harlow, England : |
| Nombre del de productor, editor, distribuidor, fabricante |
Pearson, |
| Fecha de producción, publicación, distribución, fabricación o copyright |
[2021]. |
| 300 ## - DESCRIPCIÓN FÍSICA |
| Extensión |
1 online resource (599 pages) : |
| Otras características físicas |
illustrations (colour). |
| 338 ## - TIPO DE SOPORTE |
| Nombre/término del tipo de soporte |
online resource |
| Fuente |
rdacarrier |
| 500 ## - NOTA GENERAL |
| Nota general |
This edition also issued in print: 2021. |
| 500 ## - NOTA GENERAL |
| Nota general |
"Authorized adaptation from the United States edition, entitled Fundamentals of Multinational Finance, 6th Edition, ISBN 978-0-13-447213-3 by Michael H. Moffett, Arthur I. Stonehill, and David K. Eiteman, published by Pearson Education ♭2019" -- Title page verso. |
| 504 ## - NOTA DE BIBLIOGRAFÍA, ETC. |
| Nota de bibliografía, etc. |
Includes bibliographical references and index. |
| 520 ## - SUMARIO, ETC. |
| Sumario, etc. |
Enable your students to think about global markets professionally with this text. Fundamentals of Multinational Finance helps prepare your students to comprehend global markets and lead organizations through a constantly changing global environment with real-life examples to help them apply their learning. Excellent for undergraduate level study. |
| 540 ## - NOTA DE CONDICIONES DE USO Y REPRODUCCIÓN |
| Condiciones de uso y reproducción |
Restricted: Printing from this resource is governed by The Legal Deposit Libraries (Non-Print Works) Regulations (UK) and UK copyright law currently in force. |
| Institución que aplica el campo |
UkOxU |
| 588 ## - NOTA DE FUENTE DE LA DESCRIPCIÓN |
| Nota de fuente de la descripción |
Description based on online resource; title from PDF title page (viewed on July 9, 2021). |
| 650 #0 - PUNTO DE ACCESO ADICIONAL DE MATERIA--TÉRMINO DE MATERIA |
| Término de materia o nombre geográfico como elemento de entrada |
International business enterprises |
| Subdivisión general |
Finance |
| 9 (RLIN) |
6671 |
| 650 #0 - PUNTO DE ACCESO ADICIONAL DE MATERIA--TÉRMINO DE MATERIA |
| Término de materia o nombre geográfico como elemento de entrada |
International finance. |
| 9 (RLIN) |
496 |
| 700 #0 - ENTRADA AGREGADA--NOMBRE PERSONAL |
| Nombre de persona |
Stonehill, Arthur I. |
| Término indicativo de función/relación |
author. |
| 9 (RLIN) |
23869 |
| 700 ## - ENTRADA AGREGADA--NOMBRE PERSONAL |
| Nombre de persona |
Eiteman, David K. |
| Término indicativo de función/relación |
author. |
| 9 (RLIN) |
23868 |
| 856 ## - LOCALIZACIÓN Y ACCESO ELECTRÓNICOS |
| Identificador Uniforme del Recurso |
<a href="https://bibliotheque.tbs-education.fr/Default/doc/SYRACUSE/3386320/fundamentals-of-multinational-finance">https://bibliotheque.tbs-education.fr/Default/doc/SYRACUSE/3386320/fundamentals-of-multinational-finance</a> |
| 942 ## - ELEMENTOS DE ENTRADA AGREGADA (KOHA) |
| Fuente del sistema de clasificación o colocación |
Clasificación de Library of Congress |